000 01323nam a2200349 i 4500
001 29191
003 Mx-PuUPA
005 20250625151830.0
008 140415s2022 mx a g 001 0 spa d
020 _a9686719598
040 _cMx-PuUPA
_aMx-PuUPA
_bspa
_dMx-PuUPA
_erda
041 0 _aspa
043 _acl-----
100 1 _aCalloni, Stella,
_d1935-
_eautor
_917231
245 1 0 _aOperación Cóndor:
_bpacto criminal /
_cStella Calloni ; prólogo de Adolfo Pérez Esquivel
250 _aSegunda edición /
_brevisada y actualizada
264 1 _aMéxico, D.F. :
_bLa Jornada Ediciones
_c2001
300 _a293 páginas;
_bilustraciones;
_c28 cm
336 _2rdacontent
_atexto
_btxt
337 _2rdamedia
_asin medio
_bn
338 _2rdacarrier
_avolumen
_bnc
650 7 _2armarc
_aDictadura
_zAmérica Latina
_xHistoria
_ySiglo XX
650 7 _2armarc
_aRelaciones diplomáticas
650 7 _2armarc
_aDelitos políticos
_zCono Sur
_zSudamérica
650 7 _2armarc
_aRelaciones exteriores
_zCono Sur de Sudamérica
_zEstados Unidos
650 7 _2armarc
_aTerrorismo
_zAmérica Latina
_xHistoria
_ySiglo XX
651 4 _aSudamérica
_xPolítica y gobierno
942 _2ddc
_cLI
_h364.131098
_iC54
999 _c29191
_d29191